[Event "HUN-ch (Women)"]
[Site "Budapest"]
[Date "2000.07.28"]
[Round "8"]
[White "Kiss, Fernanda"]
[Black "Goczo, Melinda"]
[Result "1-0"]
[WhiteElo "2238"]
[BlackElo "2201"]
[PlyCount "41"]
[EventDate "2000.07.21"]
[EventType "tourn"]
[EventRounds "9"]
[EventCountry "HUN"]
[EventCategory "3"]
[SourceTitle "EXT 2001"]
[Source "ChessBase"]
[SourceDate "2000.11.22"]
[SourceVersion "1"]
[SourceVersionDate "2000.11.22"]
[SourceQuality "1"]

1. e4 e6 2. d4 d5 3. Nc3 Bb4 4. Qd3 dxe4 5. Qxe4 Nf6 6. Qh4 Nbd7 7. Nf3 0-0 8. a3 Be7 9. Bd3 b6 10. Be3 Bb7 11. 0-0-0 Re8 12. Ne5 Qc8 13. Nxd7 Qxd7 14. Rhe1 a6 15. Bg5 Bxg2 16. Rg1 Qc6 17. d5 exd5 18. Rxg2 d4 19. Ne4 Nxe4 20. Bxe7 Nf6 21. Bxf6 1-0

[Event "HUN-ch (Women)"]
[Site "Budapest"]
[Date "2000.07.23"]
[Round "3"]
[White "Kiss, Fernanda"]
[Black "Horvath, Julia"]
[Result "1-0"]
[WhiteElo "2238"]
[BlackElo "2308"]
[PlyCount "75"]
[EventDate "2000.07.21"]
[EventType "tourn"]
[EventRounds "9"]
[EventCountry "HUN"]
[EventCategory "3"]
[SourceTitle "CBM 077 Extra"]
[Source "ChessBase"]
[SourceDate "2000.09.14"]
[SourceVersion "1"]
[SourceVersionDate "2000.09.14"]
[SourceQuality "1"]

1. e4 c6 2. d4 g6 3. Nc3 Bg7 4. Bc4 d6 5. Qf3 e6 6. Nge2 Nd7 7. 0-0 Ngf6 8. Bg5 0-0 9. Bb3 Qc7 10. a4 b6 11. Rad1 Bb7 12. Qe3 e5 13. dxe5 dxe5 14. f4 exf4 15. Qxf4 Qxf4 16. Rxf4 h6 17. Bxf6 Nxf6 18. Rdf1 Rad8 19. Rxf6 Bxf6 20. Rxf6 Kg7 21. Rf3 Rd7 22. Bc4 a6 23. Rd3 Re7 24. Rd6 b5 25. axb5 cxb5 26. Bd3 Rfe8 27. Kf2 Re6 28. Rxe6 Rxe6 29. b4 Kf8 30. Nd4 Rd6 31. Nb3 Ke8 32. Nc5 Bc8 33. Ke3 Be6 34. Nxa6 Kd8 35. Nc5 Rb6 36. Nxb5 g5 37. Nxe6+ Rxe6 38. c4 1-0

[Event "HUN-chT 9899"]
[Site "Hungary"]
[Date "1999.??.??"]
[Round "?"]
[White "Gaal, Sandor"]
[Black "Kiss, Fernanda"]
[Result "0-1"]
[WhiteElo "2035"]
[BlackElo "2245"]
[PlyCount "156"]
[EventDate "1998.??.??"]
[EventType "team"]
[EventRounds "12"]
[EventCountry "HUN"]
[SourceTitle "EXT 2000"]
[Source "ChessBase"]
[SourceDate "1999.11.16"]
[SourceVersion "1"]
[SourceVersionDate "1999.11.16"]
[SourceQuality "1"]

1. e4 c5 2. f4 d5 3. exd5 Qxd5 4. Nc3 Qd8 5. Bb5+ Bd7 6. Bxd7+ Nxd7 7. Nf3 Ngf6 8. 0-0 e6 9. d3 Be7 10. Bd2 0-0 11. Qe2 Rc8 12. Rae1 Nb8 13. f5 Rc6 14. Ng5 h6 15. Nge4 exf5 16. Rxf5 Re6 17. Be3 b6 18. Ref1 Nc6 19. Qf2 Ng4 20. Qg3 Nxe3 21. Qxe3 Nd4 22. Rd5 Qa8 23. Qd2 f5 24. Ng3 Bg5 25. Qd1 Bh4 26. Rd7 Bxg3 27. hxg3 Qc6 28. Rxa7 b5 29. Re1 Rfe8 30. Rxe6 Qxe6 31. Qh5 Kh7 32. Qf7 Qxf7 33. Rxf7 Re1+ 34. Kh2 Rc1 35. Rc7 Rxc2 36. Rxc5 Rxb2 37. Rd5 Nf3+ 38. Kh3 Ng5+ 39. Kh2 b4 40. Nd1 Rxa2 41. Ne3 Nf3+ 42. Kh3 Ng5+ 43. Kh2 Nf3+ 44. Kh3 Nd2 45. Rb5 b3 46. Nc4 Nxc4 47. dxc4 Rc2 48. Rxb3 Rxc4 49. Rb5 Kg6 50. Ra5 Kg5 51. Rb5 Re4 52. Ra5 h5 53. Rb5 Re1 54. Kh2 Kg4 55. Rb6 g5 56. Rb3 Re4 57. Ra3 h4 58. gxh4 Kxh4 59. Rh3+ Kg4 60. Rg3+ Kh5 61. Ra3 Re2 62. Ra5 Kg4 63. Ra3 f4 64. Rb3 Kf5 65. Rb5+ Re5 66. Rb8 Rd5 67. Rf8+ Ke4 68. Re8+ Re5 69. Rg8 Ke3 70. Rg7 Kf2 71. Rc7 g4 72. Rc2+ Re2 73. Rc3 f3 74. gxf3 g3+ 75. Kh3 g2 76. Rc1 g1Q 77. Rxg1 Kxg1 78. Kg4 Kf2 0-1

[Event "Budapest Spring op 13th"]
[Site "Budapest"]
[Date "1997.??.??"]
[Round "2"]
[White "Berezin, Oleg"]
[Black "Kiss, Fernanda"]
[Result "1/2-1/2"]
[WhiteElo "2445"]
[BlackElo "2230"]
[PlyCount "85"]
[EventDate "1997.03.??"]
[EventType "swiss"]
[EventRounds "9"]
[EventCountry "HUN"]
[SourceTitle "EXT 1998"]
[Source "ChessBase"]
[SourceDate "1997.11.17"]
[SourceVersion "1"]
[SourceVersionDate "1997.11.17"]
[SourceQuality "1"]

1. Nf3 Nf6 2. c4 c6 3. d4 d5 4. Nc3 a6 5. c5 g6 6. Bf4 Nh5 7. Bg5 h6 8. Bd2 Bg7 9. e3 Bg4 10. Be2 Nd7 11. 0-0 0-0 12. b4 Qc7 13. Rc1 Rae8 14. h3 Bxf3 15. Bxf3 Nhf6 16. Be2 e5 17. dxe5 Nxe5 18. Rc2 Rd8 19. Bc1 Ne4 20. Bb2 f5 21. Qc1 Kh7 22. f4 Nxc3 23. Bxc3 Nd7 24. Bxg7 Kxg7 25. Qb2+ Nf6 26. Qd4 Kh7 27. g4 Rde8 28. Bf3 Re6 29. Rg2 Qe7 30. gxf5 gxf5 31. Qd3 Ne4 32. Kh2 Rg6 33. Rxg6 Kxg6 34. Rg1+ Kh7 35. Qd4 Qf6 36. Qxf6 Nxf6 37. Rd1 Re8 38. Rd3 Kg7 39. a3 Ne4 40. Bh5 Re7 41. Bf3 Re8 42. Bh5 Re7 43. Bf3 1/2-1/2

[Event "HUN-ch (Women)"]
[Site "Budapest"]
[Date "1997.??.??"]
[Round "5"]
[White "Forgo, Eva"]
[Black "Kiss, Fernanda"]
[Result "0-1"]
[WhiteElo "2285"]
[BlackElo "2270"]
[PlyCount "106"]
[EventDate "1997.??.??"]
[EventType "tourn"]
[EventRounds "9"]
[EventCountry "HUN"]
[EventCategory "2"]
[SourceTitle "EXT 2004"]
[Source "ChessBase"]
[SourceDate "2003.11.25"]
[SourceVersion "1"]
[SourceVersionDate "2003.11.25"]
[SourceQuality "1"]

1. e4 c5 2. Nf3 e6 3. d4 cxd4 4. Nxd4 a6 5. Nc3 b5 6. Bd3 Qb6 7. Nb3 Qc7 8. 0-0 Bb7 9. f4 d6 10. Kh1 Nd7 11. a3 Ngf6 12. Qe2 Be7 13. Bd2 0-0 14. Rae1 e5 15. f5 Nc5 16. Bg5 Ne8 17. Qg4 Bxg5 18. Qxg5 Nf6 19. Rf3 h6 20. Qh4 Nxd3 21. Rxd3 d5 22. exd5 Qc4 23. Qf2 e4 24. Rd4 Qc7 25. Nxe4 Nxd5 26. Nbc5 Rae8 27. Nxb7 Qxb7 28. Red1 Rxe4 29. Rxe4 Nc3 30. Ree1 Nxd1 31. Rxd1 Re8 32. h3 Qe4 33. Rd6 Qe5 34. Rxa6 Qxb2 35. f6 Qc3 36. fxg7 Re1+ 37. Kh2 Qe5+ 38. Qg3 Rh1+ 39. Kxh1 Qxg3 40. Rxh6 Qxa3 41. Rc6 Qa1+ 42. Kh2 Qe5+ 43. Kh1 Kxg7 44. c3 Qd5 45. Rc8 Qd7 46. Ra8 Qc6 47. Rb8 Kf6 48. Kg1 Ke5 49. h4 Qc5+ 50. Kh2 Ke4 51. Rb7 f6 52. Rg7 Qxc3 53. Rg3 Qe5 0-1

[Event "HUN-chT 9798"]
[Site "Hungary"]
[Date "1997.??.??"]
[Round "?"]
[White "Forgo, Eva"]
[Black "Kiss, Fernanda"]
[Result "0-1"]
[WhiteElo "2295"]
[BlackElo "2230"]
[PlyCount "48"]
[EventDate "1997.??.??"]
[EventType "team"]
[EventRounds "12"]
[EventCountry "HUN"]
[SourceTitle "EXT 2000"]
[Source "ChessBase"]
[SourceDate "1999.11.16"]
[SourceVersion "1"]
[SourceVersionDate "1999.11.16"]
[SourceQuality "1"]

1. e4 c5 2. Nf3 e6 3. d4 cxd4 4. Nxd4 a6 5. Bd3 Bc5 6. Nb3 Ba7 7. Qe2 Nc6 8. Nc3 d6 9. Be3 Nf6 10. 0-0-0 b5 11. Bxa7 Rxa7 12. Qe3 b4 13. Na4 Qc7 14. f4 0-0 15. Rhg1 Bd7 16. g4 e5 17. g5 Ng4 18. Qd2 exf4 19. Kb1 Ne3 20. Rc1 Ne5 21. Qxb4 Rb8 22. Qc3 Bxa4 23. Qxc7 Rxc7 24. Bxa6 Nf3 0-1

[Event "Providencia op"]
[Site "Debrecen"]
[Date "1997.??.??"]
[Round "9"]
[White "Kiss, Fernanda"]
[Black "Peredy, Ferenc"]
[Result "1/2-1/2"]
[WhiteElo "2270"]
[BlackElo "2430"]
[PlyCount "54"]
[EventDate "1997.07.03"]
[EventType "swiss"]
[EventRounds "9"]
[EventCountry "HUN"]
[SourceTitle "CBM 058 Extra"]
[Source "ChessBase"]
[SourceDate "1997.07.29"]
[SourceVersion "1"]
[SourceVersionDate "1997.07.29"]
[SourceQuality "1"]

1. e4 c5 2. Nf3 Nc6 3. d4 cxd4 4. Nxd4 Nf6 5. Nc3 d6 6. Bg5 e6 7. Qd2 a6 8. 0-0-0 h6 9. Bf4 Bd7 10. Nxc6 Bxc6 11. f3 d5 12. Qe1 Bb4 13. a3 Ba5 14. b4 Bb6 15. exd5 Bxd5 16. Be5 0-0 17. Qh4 Be3+ 18. Kb2 Bg5 19. Qd4 Bc6 20. Qxd8 Rfxd8 21. Bd3 Nd5 22. Nxd5 Rxd5 23. Bc3 Rad8 24. Rde1 Bb5 25. Bxb5 Rxb5 26. Re4 Rbd5 27. f4 Bf6 1/2-1/2

[Event "Tapolca op"]
[Site "Budapest"]
[Date "1997.??.??"]
[Round "9"]
[White "Kiss, Fernanda"]
[Black "Rabovszky, Gyorgy"]
[Result "1-0"]
[WhiteElo "2230"]
[BlackElo "2155"]
[PlyCount "65"]
[EventDate "1997.??.??"]
[EventType "swiss"]
[EventRounds "9"]
[EventCountry "HUN"]
[SourceTitle "EXT 2002"]
[Source "ChessBase"]
[SourceDate "2001.11.25"]
[SourceVersion "1"]
[SourceVersionDate "2001.11.25"]
[SourceQuality "1"]

1. e4 c5 2. Nf3 d6 3. d4 cxd4 4. Nxd4 Nf6 5. Nc3 Nc6 6. g3 Qb6 7. Nb3 Bg4 8. f3 Bd7 9. Qe2 e6 10. Bg2 Be7 11. Be3 Qc7 12. f4 0-0-0 13. 0-0-0 d5 14. Nb5 Qb8 15. exd5 exd5 16. Bxd5 Nxd5 17. Rxd5 a6 18. Nc3 Be6 19. Rxd8+ Rxd8 20. Bb6 Rd7 21. Ne4 Bd8 22. Bxd8 Nxd8 23. Nbc5 Rd5 24. Nxe6 fxe6 25. Ng5 Qc7 26. Nxe6 Qa5 27. a3 Nc6 28. Re1 Rd7 29. g4 g6 30. Rf1 Qd5 31. Kb1 Re7 32. f5 Nd8 33. Rd1 1-0

[Event "HUN-ch (Women)"]
[Site "Budapest"]
[Date "1997.??.??"]
[Round "9"]
[White "Pinterne, Kovacs Marta"]
[Black "Kiss, Fernanda"]
[Result "1-0"]
[WhiteElo "2230"]
[BlackElo "2270"]
[PlyCount "35"]
[EventDate "1997.??.??"]
[EventType "tourn"]
[EventRounds "9"]
[EventCountry "HUN"]
[EventCategory "2"]
[SourceTitle "EXT 2004"]
[Source "ChessBase"]
[SourceDate "2003.11.25"]
[SourceVersion "1"]
[SourceVersionDate "2003.11.25"]
[SourceQuality "1"]

1. Nf3 Nf6 2. b3 d6 3. d4 Bg4 4. Bb2 g6 5. Nbd2 Bg7 6. e4 0-0 7. h3 Bxf3 8. Qxf3 Nfd7 9. h4 c5 10. h5 Nc6 11. hxg6 hxg6 12. Qh3 Re8 13. d5 Nd4 14. 0-0-0 a6 15. Nf3 Rc8 16. Nxd4 cxd4 17. Bxd4 Qc7 18. Qh8+ 1-0

[Event "Budapest Spring op 12th"]
[Site "Budapest"]
[Date "1996.??.??"]
[Round "5"]
[White "Bystrov, Sergej Mikhailovich"]
[Black "Kiss, Fernanda"]
[Result "1/2-1/2"]
[WhiteElo "2290"]
[BlackElo "2160"]
[PlyCount "27"]
[EventDate "1996.03.??"]
[EventType "swiss"]
[EventRounds "9"]
[EventCountry "HUN"]
[SourceTitle "CBM 052 Extra"]
[Source "ChessBase"]
[SourceDate "1996.07.01"]
[SourceVersion "1"]
[SourceVersionDate "1996.07.01"]
[SourceQuality "1"]

1. Nf3 d5 2. b3 Nf6 3. Bb2 c5 4. e3 e6 5. Be2 Nbd7 6. 0-0 Bd6 7. c4 0-0 8. Nc3 b6 9. Qc2 Bb7 10. Rfd1 Rc8 11. Rac1 Qe7 12. Qb1 Rfd8 13. d3 Bb8 14. Qa1 1/2-1/2

[Event "Budapest FS02 IM"]
[Site "Budapest"]
[Date "1996.??.??"]
[Round "12"]
[White "Dobos, Jozsef"]
[Black "Kiss, Fernanda"]
[Result "1/2-1/2"]
[WhiteElo "2340"]
[BlackElo "2160"]
[PlyCount "29"]
[EventDate "1996.02.??"]
[EventType "tourn"]
[EventRounds "13"]
[EventCountry "HUN"]
[EventCategory "2"]
[SourceTitle "CBM 051 Extra"]
[Source "ChessBase"]
[SourceDate "1996.05.01"]
[SourceVersion "1"]
[SourceVersionDate "1996.05.01"]
[SourceQuality "1"]

1. e4 c5 2. Nf3 e6 3. Nc3 a6 4. g3 Nc6 5. Bg2 Qc7 6. 0-0 Be7 7. Re1 Nf6 8. d4 cxd4 9. Nxd4 0-0 10. Nxc6 dxc6 11. e5 Rd8 12. Qe2 Nd5 13. Bd2 b5 14. Rad1 Bb7 15. Qh5 1/2-1/2

[Event "HUN-ch (Women)"]
[Site "Hungary"]
[Date "1996.??.??"]
[Round "9"]
[White "Forgo, Eva"]
[Black "Kiss, Fernanda"]
[Result "0-1"]
[WhiteElo "2290"]
[BlackElo "2160"]
[PlyCount "124"]
[EventDate "1996.??.??"]
[EventType "tourn"]
[EventRounds "9"]
[EventCountry "HUN"]
[SourceTitle "EXT 2001"]
[Source "ChessBase"]
[SourceDate "2000.11.22"]
[SourceVersion "1"]
[SourceVersionDate "2000.11.22"]
[SourceQuality "1"]

1. e4 c5 2. Nf3 e6 3. d4 cxd4 4. Nxd4 a6 5. Nc3 Qc7 6. Be2 Nf6 7. 0-0 Nc6 8. Be3 Bb4 9. Nxc6 bxc6 10. Na4 0-0 11. c4 Bd6 12. f4 Nxe4 13. c5 Be7 14. Bd3 Nf6 15. Bd4 Rd8 16. Qc2 Rb8 17. Bxf6 Bxf6 18. Bxh7+ Kf8 19. Be4 a5 20. Rad1 Ba6 21. Rf3 Rb4 22. b3 d5 23. cxd6 Rxd6 24. Re1 Rbd4 25. Rf2 Rxe4 26. Qxe4 Qa7 27. Qc2 Bd4 28. g3 Bb5 29. Re5 Bxf2+ 30. Qxf2 Qxf2+ 31. Kxf2 Rd2+ 32. Kg1 Bxa4 33. bxa4 Rd5 34. Re2 Ke7 35. Rb2 Rd4 36. Rb7+ Kf6 37. Rb2 Rxa4 38. Rc2 c5 39. Kf2 Ra3 40. g4 g5 41. f5 exf5 42. gxf5 c4 43. Rxc4 Rxa2+ 44. Kg3 Kxf5 45. Rc5+ Kg6 46. Rc6+ f6 47. h3 a4 48. Ra6 a3 49. h4 gxh4+ 50. Kxh4 Ra1 51. Kg3 a2 52. Kg2 Kf5 53. Ra5+ Ke4 54. Ra4+ Ke3 55. Ra3+ Ke2 56. Ra5 Kd3 57. Rd5+ Kc4 58. Ra5 f5 59. Ra8 f4 60. Rc8+ Kb5 61. Rb8+ Kc6 62. Ra8 f3+ 0-1

[Event "HUN-ch (Women)"]
[Site "Hungary"]
[Date "1996.??.??"]
[Round "3"]
[White "Kiss, Fernanda"]
[Black "Grabics, Monika"]
[Result "0-1"]
[WhiteElo "2160"]
[BlackElo "2225"]
[PlyCount "66"]
[EventDate "1996.??.??"]
[EventType "tourn"]
[EventRounds "9"]
[EventCountry "HUN"]
[SourceTitle "EXT 2001"]
[Source "ChessBase"]
[SourceDate "2000.11.22"]
[SourceVersion "1"]
[SourceVersionDate "2000.11.22"]
[SourceQuality "1"]

1. e4 c5 2. Nf3 Nc6 3. d4 cxd4 4. Nxd4 Nf6 5. Nc3 d6 6. g3 Qb6 7. Nb3 e6 8. Bg2 Be7 9. 0-0 0-0 10. Be3 Qc7 11. f4 a6 12. a4 Na5 13. Nxa5 Qxa5 14. Kh1 Qb4 15. Ra3 Qc4 16. Rb3 Bd7 17. Rxb7 Rab8 18. Rxb8 Rxb8 19. e5 dxe5 20. fxe5 Ng4 21. Qxd7 Nxe3 22. Qa7 Nxf1 23. Qxb8+ Bf8 24. Qb6 Bc5 25. Qc6 Ne3 26. h3 h6 27. Ne4 Nxg2 28. Nxc5 Qf1+ 29. Kh2 Ne1 30. g4 Qf2+ 31. Kh1 Nf3 32. Qa8+ Kh7 33. Qe4+ g6 0-1